[Event "Championnat de la Reunion 2019"]
[Site "Le TAMPON- BRAS PANON- SAINT-D"]
[Date "2019.06.08"]
[Round "2.2"]
[White "Quere, Alexandre"]
[Black "Testud, Philippe"]
[Result "0-1"]
[WhiteElo "2068"]
[BlackElo "2141"]
[PlyCount "62"]
[EventDate "2019.??.??"]

1. e4 c6 2. d3 d5 3. Nd2 e5 4. Ngf3 Bd6 5. g3 Nf6 6. Bg2 O-O 7. O-O Re8 8. b3
a5 9. a3 Nbd7 10. Bb2 b5 11. exd5 cxd5 12. c4 bxc4 13. dxc4 Ba6 14. cxd5 Bxf1
15. Qxf1 Nb6 16. Nh4 Rc8 17. Nc4 Nxc4 18. bxc4 Qb6 19. Qe2 g6 20. Bf1 Rb8 21.
Bc3 a4 22. Qf3 Qb3 23. Re1 Nd7 24. Bh3 e4 25. Qe3 Bc5 26. Qd2 Ne5 27. Rc1 e3
28. Qe2 exf2+ 29. Kf1 Qxc3 30. Rxc3 Rb1+ 31. Kg2 Rg1# 0-1

[Event "Championnat de la Reunion 2019"]
[Site "Le TAMPON- BRAS PANON- SAINT-D"]
[Date "2019.06.08"]
[Round "2.3"]
[White "Dijoux, Julien"]
[Black "Triton, Maxime"]
[Result "1/2-1/2"]
[WhiteElo "1836"]
[BlackElo "1795"]
[PlyCount "54"]
[EventDate "2019.??.??"]

1. d4 Nf6 2. Nf3 g6 3. g3 Bg7 4. Bg2 O-O 5. O-O d6 6. Nc3 Nbd7 7. Nd2 e5 8. Nb3
exd4 9. Qxd4 Ne5 10. Qh4 Nfg4 11. Qxd8 Rxd8 12. Bg5 Bf6 13. Bxf6 Nxf6 14. Rfd1
c6 15. Rd4 Bf5 16. e4 Bg4 17. f4 Nf3+ 18. Bxf3 Bxf3 19. Kf2 Bg4 20. Re1 Kf8 21.
Kg2 Be6 22. Nc1 a6 23. Rd2 d5 24. exd5 Nxd5 25. Nxd5 Rxd5 26. Rxd5 Bxd5+ 27.
Kf2 Re8 1/2-1/2

[Event "Championnat de la Reunion 2019"]
[Site "Le TAMPON- BRAS PANON- SAINT-D"]
[Date "2019.06.08"]
[Round "2.4"]
[White "Lorans, Sylvain"]
[Black "Rodier, David"]
[Result "1/2-1/2"]
[WhiteElo "2147"]
[BlackElo "2169"]
[PlyCount "55"]
[EventDate "2019.??.??"]

1. d4 d5 2. c4 c6 3. Nf3 Nf6 4. Nc3 dxc4 5. a4 Bf5 6. Ne5 Nbd7 7. Nxc4 Qc7 8.
g3 e5 9. dxe5 Nxe5 10. Bf4 Nfd7 11. Bg2 g5 12. Ne3 gxf4 13. Nxf5 fxg3 14. hxg3
O-O-O 15. a5 a6 16. Rh4 Ng6 17. Rd4 Bc5 18. Nd6+ Bxd6 19. Rxd6 Nc5 20. Rxd8+
Rxd8 21. Qc2 Kb8 22. b4 Ne6 23. Rd1 Rxd1+ 24. Qxd1 Qe7 25. Qb1 f5 26. e3 Qf6
27. Qd3 Nc7 28. Qd4 1/2-1/2

[Event "Championnat de la Reunion 2019"]
[Site "Le TAMPON- BRAS PANON- SAINT-D"]
[Date "2019.06.08"]
[Round "2.5"]
[White "Evrin, Selvam"]
[Black "Hoareau, Hugues"]
[Result "1-0"]
[WhiteElo "1766"]
[BlackElo "1947"]
[PlyCount "50"]
[EventDate "2019.??.??"]

1. e4 e5 2. Nf3 Nf6 3. d4 exd4 4. e5 Ng4 5. h3 Bb4+ 6. c3 dxc3 7. bxc3 Nxf2 8.
Kxf2 Bc5+ 9. Be3 Bxe3+ 10. Kxe3 Nc6 11. Kf2 Qe7 12. Bd3 b6 13. Qe2 Bb7 14. a4
a5 15. Na3 Qc5+ 16. Kg3 Qxc3 17. Nb5 Qb4 18. Nxc7+ Kf8 19. Nxa8 Bxa8 20. Rhf1
h5 21. Ng5 f6 22. Rf4 h4+ 23. Kg4 Qc5 24. Re1 Rh6 25. exf6 gxf6 1-0

[Event "Championnat de la Reunion 2019"]
[Site "Le TAMPON- BRAS PANON- SAINT-D"]
[Date "2019.06.08"]
[Round "2.6"]
[White "Rebut, Paul"]
[Black "De Peindray D'Ambell, Philippe"]
[Result "1-0"]
[WhiteElo "1789"]
[BlackElo "1772"]
[PlyCount "73"]
[EventDate "2019.??.??"]

1. e4 c5 2. Nf3 g6 3. c3 Bg7 4. d4 cxd4 5. cxd4 d5 6. e5 Bg4 7. Nc3 Nc6 8. Be3
e6 9. Nb5 Bf8 10. Be2 a6 11. Nc3 Nge7 12. O-O Bg7 13. Na4 O-O 14. Rc1 Nf5 15.
Nc5 Nxe3 16. fxe3 Bh6 17. Qb3 Bxf3 18. Rxf3 Nxd4 19. exd4 Bxc1 20. Nxb7 Qh4 21.
Qc3 Rac8 22. Nc5 Bg5 23. Bxa6 Ra8 24. b4 Be7 25. b5 Rfb8 26. Rf2 Bxc5 27. dxc5
d4 28. Qd3 Rd8 29. c6 Qe7 30. b6 Qc5 31. b7 Qc1+ 32. Rf1 Qxc6 33. bxa8=Q Rxa8
34. Bc4 Qc5 35. Re1 Ra3 36. Bb3 Qb4 37. Rd1 1-0

[Event "Championnat de la Reunion 2019"]
[Site "Le TAMPON- BRAS PANON- SAINT-D"]
[Date "2019.06.08"]
[Round "2.1"]
[White "Denoyelle, Arnaud"]
[Black "Mezouaghi, Miloud"]
[Result "0-1"]
[WhiteElo "2235"]
[BlackElo "2000"]
[PlyCount "108"]
[EventDate "2019.??.??"]

1. e4 c5 2. Nf3 d6 3. Bb5+ Nd7 4. O-O a6 5. Bxd7+ Bxd7 6. d4 cxd4 7. Qxd4 Nf6
8. Bg5 e6 9. e5 dxe5 10. Nxe5 Bb5 11. Qxd8+ Rxd8 12. c4 Bd7 13. Rd1 Be7 14. Nc3
h6 15. Be3 Bc8 16. Rxd8+ Bxd8 17. Bc5 Be7 18. Bxe7 Kxe7 19. Rd1 Nd7 20. f4 g5
21. Nd3 gxf4 22. Nxf4 Ne5 23. c5 Rg8 24. b3 Bd7 25. Kf2 Bc6 26. b4 Ng6 27. Nce2
Nxf4 28. Nxf4 a5 29. a3 axb4 30. axb4 Ra8 31. Rd2 Ra4 32. Rb2 e5 33. Nd3 f6 34.
b5 Bd5 35. c6 b6 36. Nb4 Bc4 37. Nc2 Ra5 38. Ne3 Be6 39. Nd1 Bc4 40. Nc3 f5 41.
Rb4 Be6 42. Na4 Kd6 43. Ke3 f4+ 44. Ke4 Bd5+ 45. Kf5 Bxg2 46. h4 f3 47. Nxb6 f2
48. Nc4+ Kc5 49. Rb1 Rxb5 50. Rxb5+ Kxb5 51. Ne3 Kxc6 52. Kxe5 h5 53. Nxg2 f1=Q
54. Nf4 Qe1+ 0-1

[Event "Championnat de la Reunion 2019"]
[Site "Le TAMPON- BRAS PANON- SAINT-D"]
[Date "2019.06.08"]
[Round "1.1"]
[White "Hoareau, Hugues"]
[Black "Denoyelle, Arnaud"]
[Result "0-1"]
[WhiteElo "1947"]
[BlackElo "2235"]
[PlyCount "28"]
[EventDate "2019.??.??"]

1. e4 c5 2. g3 d5 3. Bg2 dxe4 4. Bxe4 Nf6 5. Bg2 Nc6 6. Nc3 Bg4 7. f3 Bf5 8. d3
c4 9. Ne4 Qb6 10. Nh3 cxd3 11. cxd3 e6 12. Nhf2 Bb4+ 13. Bd2 Bxe4 14. Nxe4 Nxe4
0-1

[Event "Championnat de la Reunion 2019"]
[Site "Le TAMPON- BRAS PANON- SAINT-D"]
[Date "2019.06.08"]
[Round "1.2"]
[White "Rodier, David"]
[Black "Dijoux, Julien"]
[Result "1/2-1/2"]
[WhiteElo "2169"]
[BlackElo "1836"]
[PlyCount "51"]
[EventDate "2019.??.??"]

1. d4 Nf6 2. Nf3 g6 3. c4 Bg7 4. Nc3 d5 5. Bf4 O-O 6. e3 c5 7. dxc5 Qa5 8. Rc1
dxc4 9. Bxc4 Qxc5 10. Bb3 Nc6 11. O-O Qa5 12. h3 Bf5 13. Qe2 e5 14. Bh2 Ne4 15.
g4 Nxc3 16. bxc3 Bd7 17. Rfd1 Rad8 18. Rd5 Qc7 19. Rcd1 Be6 20. Rxd8 Nxd8 21.
Qb5 Qxc3 22. Bxe6 Nxe6 23. Bxe5 Bxe5 24. Nxe5 Qc2 25. Rd7 Qe4 26. Qd5 1/2-1/2

[Event "Championnat de la Reunion 2019"]
[Site "Le TAMPON- BRAS PANON- SAINT-D"]
[Date "2019.06.08"]
[Round "1.3"]
[White "Triton, Maxime"]
[Black "Lorans, Sylvain"]
[Result "1-0"]
[WhiteElo "1795"]
[BlackElo "2147"]
[PlyCount "31"]
[EventDate "2019.??.??"]

1. e4 d5 2. exd5 Qxd5 3. Nc3 Qd6 4. Nf3 Nf6 5. d4 a6 6. h3 Bf5 7. Bd3 Bxd3 8.
Qxd3 g6 9. Bg5 Bg7 10. O-O-O O-O 11. Rhe1 Nbd7 12. Ne5 e6 13. Qf3 c6 14. a3
Rfe8 15. Ne4 Qd5 16. Bxf6 1-0

[Event "Championnat de la Reunion 2019"]
[Site "Le TAMPON- BRAS PANON- SAINT-D"]
[Date "2019.06.08"]
[Round "1.4"]
[White "Testud, Philippe"]
[Black "Rebut, Paul"]
[Result "1-0"]
[WhiteElo "2141"]
[BlackElo "1789"]
[PlyCount "111"]
[EventDate "2019.??.??"]

1. d4 Nf6 2. Nf3 g6 3. Nbd2 d5 4. b4 c6 5. e3 Bg7 6. Bd3 O-O 7. O-O Nbd7 8. Bb2
Qc7 9. h3 Nh5 10. c4 e5 11. cxd5 cxd5 12. Rc1 Qd6 13. dxe5 Nxe5 14. Nxe5 Bxe5
15. Bxe5 Qxe5 16. Be2 Nf6 17. Qb3 Be6 18. Nf3 Qd6 19. Nd4 Rac8 20. Bf3 a6 21.
a3 Rxc1 22. Rxc1 Rc8 23. Rxc8+ Bxc8 24. Qc3 Bd7 25. Nb3 Bc6 26. Qd4 Qe7 27. Na5
Qe6 28. Qb6 Qd7 29. Nxc6 Qxc6 30. Qxc6 bxc6 31. Be2 Kf8 32. Bxa6 Ke7 33. Kf1
Kd6 34. Ke2 Ne4 35. Bd3 Nc3+ 36. Kd2 Nb5 37. Bxb5 cxb5 38. Kd3 Ke5 39. f4+ Kd6
40. Kc3 Kc6 41. Kb3 Kb6 42. a4 bxa4+ 43. Kxa4 Ka6 44. Kb3 Kb5 45. g4 Kb6 46. f5
Kb5 47. f6 g5 48. Kc3 Kc6 49. Kd4 Kd6 50. e4 dxe4 51. Kxe4 Ke6 52. b5 h6 53. b6
Kd6 54. b7 Kc7 55. Kd5 Kxb7 56. Kd6 1-0

[Event "Championnat de la Reunion 2019"]
[Site "Le TAMPON- BRAS PANON- SAINT-D"]
[Date "2019.06.08"]
[Round "1.5"]
[White "De Peindray D'Ambell, Philippe"]
[Black "Quere, Alexandre"]
[Result "0-1"]
[WhiteElo "1772"]
[BlackElo "2068"]
[PlyCount "40"]
[EventDate "2019.??.??"]

1. e4 d5 2. exd5 Nf6 3. d4 Nxd5 4. Nf3 Bg4 5. Be2 e6 6. O-O Be7 7. Ne5 Bxe2 8.
Qxe2 O-O 9. Rd1 c6 10. c4 Nb6 11. Nc3 a5 12. Ne4 N8d7 13. Bf4 Re8 14. Rd3 Bf8
15. Nxf7 Kxf7 16. Qh5+ Kg8 17. Rh3 h6 18. Bxh6 gxh6 19. Qg6+ Bg7 20. Rxh6 Nf8
0-1

[Event "Championnat de la Reunion 2019"]
[Site "Le TAMPON- BRAS PANON- SAINT-D"]
[Date "2019.06.08"]
[Round "1.6"]
[White "Mezouaghi, Miloud"]
[Black "Evrin, Selvam"]
[Result "1-0"]
[WhiteElo "2000"]
[BlackElo "1766"]
[PlyCount "108"]
[EventDate "2019.??.??"]

1. c4 e5 2. g3 Nc6 3. Bg2 f5 4. d3 Nf6 5. Nc3 Bb4 6. Bd2 Bxc3 7. Bxc3 d6 8. b4
O-O 9. b5 Nb8 10. Nf3 Qe8 11. O-O a6 12. a4 c6 13. Rb1 e4 14. dxe4 fxe4 15. Ng5
e3 16. f4 Bf5 17. Rb3 axb5 18. axb5 Ra2 19. Bb2 h6 20. Nf3 Ne4 21. Qd4 Qe7 22.
Qxe3 Nd7 23. Nd4 Ndc5 24. Nxf5 Rxf5 25. Bxe4 Nxb3 26. Qxb3 Rxb2 27. Qxb2 Qxe4
28. bxc6 bxc6 29. Qb8+ Kh7 30. Qxd6 Qxc4 31. Qd3 Qxd3 32. exd3 Rd5 33. Rd1 Kg6
34. Kf2 Kf5 35. h3 c5 36. Ke3 h5 37. Rg1 g6 38. g4+ Kf6 39. Ra1 Ke6 40. Ra6+
Kf7 41. Ra4 Kf6 42. Ke4 Rd8 43. Rc4 Re8+ 44. Kf3 Rd8 45. Ke3 Rd5 46. Ke4 Ke6
47. Ra4 Rd6 48. f5+ Kf6 49. Rc4 hxg4 50. hxg4 gxf5+ 51. gxf5 Rd8 52. Rxc5 Re8+
53. Kf4 Ra8 54. Rc6+ Kf7 1-0

[Event "Championnat de la Reunion 2019"]
[Site "Le TAMPON- BRAS PANON- SAINT-D"]
[Date "2019.06.08"]
[Round "3.1"]
[White "Testud, Philippe"]
[Black "Mezouaghi, Miloud"]
[Result "1-0"]
[WhiteElo "2141"]
[BlackElo "2000"]
[PlyCount "61"]
[EventDate "2019.??.??"]

1. d4 Nf6 2. Nf3 g6 3. Nbd2 Bg7 4. e4 O-O 5. e5 Ne8 6. h4 h5 7. g4 hxg4 8. Ng5
d6 9. e6 fxe6 10. Qxg4 Nf6 11. Qg2 Nh5 12. Qe4 Nf4 13. h5 d5 14. Qf3 Nxh5 15.
Qg2 Rf5 16. Ndf3 Nc6 17. Bd3 e5 18. Bxf5 Bxf5 19. dxe5 e6 20. c3 d4 21. Bd2 Qd5
22. O-O Nxe5 23. cxd4 Nc4 24. Bc3 a5 25. Rfe1 b5 26. a3 a4 27. Qh2 Bg4 28. Qxc7
Bxf3 29. Qf7+ Kh8 30. Qxg6 Nf6 31. Rxe6 1-0

[Event "Championnat de la Reunion 2019"]
[Site "Le TAMPON- BRAS PANON- SAINT-D"]
[Date "2019.06.08"]
[Round "3.2"]
[White "Triton, Maxime"]
[Black "Denoyelle, Arnaud"]
[Result "0-1"]
[WhiteElo "1795"]
[BlackElo "2235"]
[PlyCount "50"]
[EventDate "2019.??.??"]

1. e4 c5 2. Nf3 d6 3. d4 cxd4 4. Nxd4 Nf6 5. Nc3 g6 6. Be3 Bg7 7. f3 O-O 8. Qd2
Nc6 9. Bc4 Nd7 10. O-O-O Nb6 11. Bb3 Na5 12. Qd3 Bd7 13. Nd5 Nxb3+ 14. Nxb3
Nxd5 15. Qxd5 a5 16. a3 Qc7 17. Qd2 Rfc8 18. Kb1 b5 19. Bd4 Bxd4 20. Nxd4 b4
21. axb4 axb4 22. Nb3 Be6 23. Qd3 Qa7 24. Rhe1 Qa2+ 25. Kc1 Qxb3 0-1

[Event "Championnat de la Reunion 2019"]
[Site "Le TAMPON- BRAS PANON- SAINT-D"]
[Date "2019.06.08"]
[Round "3.3"]
[White "Rodier, David"]
[Black "Rebut, Paul"]
[Result "1/2-1/2"]
[WhiteElo "2169"]
[BlackElo "1789"]
[PlyCount "64"]
[EventDate "2019.??.??"]

1. d4 Nf6 2. Nf3 g6 3. c4 Bg7 4. Nc3 O-O 5. e4 d6 6. Be2 e5 7. O-O Nc6 8. d5
Ne7 9. b4 a5 10. Ba3 Nd7 11. bxa5 f5 12. c5 Nf6 13. cxd6 cxd6 14. Bb4 fxe4 15.
Nd2 e3 16. fxe3 b6 17. Nc4 Nf5 18. Nb5 Ba6 19. a4 Bh6 20. Qb3 Ne4 21. Bf3 Qh4
22. Be1 Nc5 23. Qc3 Qg5 24. e4 Ne3 25. Nxe3 Qxe3+ 26. Qxe3 Bxe3+ 27. Bf2 Bxf2+
28. Rxf2 Bxb5 29. axb5 Rxa5 30. Rxa5 bxa5 31. Ra2 a4 32. Bd1 Rf3 1/2-1/2

[Event "Championnat de la Reunion 2019"]
[Site "Le TAMPON- BRAS PANON- SAINT-D"]
[Date "2019.06.08"]
[Round "3.4"]
[White "Dijoux, Julien"]
[Black "Quere, Alexandre"]
[Result "1/2-1/2"]
[WhiteElo "1836"]
[BlackElo "2068"]
[PlyCount "78"]
[EventDate "2019.??.??"]

1. d4 Nf6 2. Nf3 g6 3. g3 Bg7 4. Bg2 O-O 5. O-O d5 6. c4 c6 7. Qb3 a5 8. Nc3
dxc4 9. Qxc4 Be6 10. Qd3 Na6 11. a3 Bf5 12. Qc4 Ne4 13. Bf4 Nxc3 14. bxc3 Be4
15. Ne5 b5 16. Qa2 Bxg2 17. Kxg2 Nc7 18. Nxc6 Qd5+ 19. Qxd5 Nxd5 20. e4 Nxc3
21. Nxe7+ Kh8 22. d5 Nxe4 23. Rac1 Nc3 24. d6 b4 25. axb4 axb4 26. Nc6 b3 27.
Ne5 Ne4 28. d7 g5 29. Rfe1 b2 30. Rb1 Nc3 31. Rxb2 gxf4 32. gxf4 Nd5 33. Kf3
Ra3+ 34. Ke4 Nc3+ 35. Kf5 Ra5 36. Rd2 Nd5 37. Ke4 Nf6+ 38. Kf3 Nxd7 39. Rxd7
Kg8 1/2-1/2

[Event "Championnat de la Reunion 2019"]
[Site "Le TAMPON- BRAS PANON- SAINT-D"]
[Date "2019.06.08"]
[Round "3.5"]
[White "Lorans, Sylvain"]
[Black "Evrin, Selvam"]
[Result "1-0"]
[WhiteElo "2147"]
[BlackElo "1766"]
[PlyCount "65"]
[EventDate "2019.??.??"]

1. d4 d5 2. c4 c6 3. Nf3 Nf6 4. Nc3 dxc4 5. a4 Bf5 6. Ne5 Nbd7 7. Nxc4 Nb6 8.
Ne5 Nbd7 9. Nc4 Nb6 10. e3 a5 11. Qb3 Nbd5 12. Nxd5 Nxd5 13. Bd2 e6 14. Be2 Nb4
15. Rc1 Be7 16. O-O O-O 17. Rfd1 Qc7 18. Be1 Bg6 19. f3 f5 20. Bg3 f4 21. Bxf4
Rxf4 22. exf4 Qxf4 23. Ne5 Qf6 24. Nd7 Qf5 25. Bc4 Nd5 26. Qxb7 Rd8 27. Ne5 Bg5
28. Bd3 Be3+ 29. Kh1 Qg5 30. Bxg6 Bxc1 31. Bf7+ Kf8 32. Bxe6 Ne7 33. Nf7 1-0

[Event "Championnat de la Reunion 2019"]
[Site "Le TAMPON- BRAS PANON- SAINT-D"]
[Date "2019.06.08"]
[Round "3.6"]
[White "Hoareau, Hugues"]
[Black "De Peindray D'Ambell, Philippe"]
[Result "1-0"]
[WhiteElo "1947"]
[BlackElo "1772"]
[PlyCount "68"]
[EventDate "2019.??.??"]

1. e4 c5 2. d3 Nc6 3. Be3 d6 4. c4 g6 5. Nc3 Bg7 6. g3 e5 7. Bg2 Nge7 8. Nge2
O-O 9. O-O Rb8 10. b3 Nd4 11. f4 Bg4 12. Rb1 f5 13. Qd2 Qa5 14. Rf2 Nec6 15.
exf5 Nxe2+ 16. Nxe2 Qxd2 17. Bxd2 Bxf5 18. Be4 Nb4 19. Bxf5 gxf5 20. Bxb4 cxb4
21. fxe5 dxe5 22. Rd1 Rbd8 23. Kf1 Rd6 24. d4 exd4 25. Nf4 a5 26. Nd5 Rd7 27.
Ke2 b5 28. Kd3 bxc4+ 29. bxc4 Rb7 30. Rb1 h6 31. a3 Rfb8 32. axb4 axb4 33. Rb3
Ra7 34. c5 Ra5 1-0

[Event "Championnat de la Reunion 2019"]
[Site "Le TAMPON- BRAS PANON- SAINT-D"]
[Date "2019.06.08"]
[Round "4.2"]
[White "Mezouaghi, Miloud"]
[Black "Rodier, David"]
[Result "0-1"]
[WhiteElo "2000"]
[BlackElo "2169"]
[PlyCount "112"]
[EventDate "2019.??.??"]

1. e4 c5 2. c3 Nf6 3. e5 Nd5 4. Nf3 d6 5. d4 cxd4 6. Qxd4 e6 7. exd6 Qxd6 8.
Na3 Nc6 9. Bb5 Bd7 10. Bxc6 Bxc6 11. O-O Nf6 12. Nc4 Qc5 13. Be3 Qxd4 14. Nxd4
Bd5 15. Nd2 a6 16. c4 Be4 17. Nxe4 Nxe4 18. Rfd1 Rc8 19. f3 Nf6 20. Rac1 Nd7
21. Kf2 g6 22. b3 h6 23. Rc2 Bb4 24. Re2 Ke7 25. Nc2 Bc5 26. Red2 Bxe3+ 27.
Nxe3 Rc7 28. Re2 Kf6 29. Rd6 Ke7 30. Rd4 Kf6 31. h4 Rhc8 32. Ng4+ Kg7 33. Red2
Nb8 34. Ke3 h5 35. Nf2 Nc6 36. Rd7 Ne5 37. R7d4 Nc6 38. Rd6 Ne7 39. g4 hxg4 40.
fxg4 b5 41. cxb5 axb5 42. R6d3 Ra7 43. h5 Rca8 44. hxg6 Kxg6 45. Ne4 Rxa2 46.
Rxa2 Rxa2 47. Nc3 Rh2 48. Nxb5 Nd5+ 49. Kd4 Rg2 50. Kc5 Rxg4 51. Nd4 Nf4 52.
Re3 e5 53. Nf3 f6 54. b4 Ne6+ 55. Kd6 Kf5 56. Nd2 Rd4+ 0-1

[Event "Championnat de la Reunion 2019"]
[Site "Le TAMPON- BRAS PANON- SAINT-D"]
[Date "2019.06.08"]
[Round "4.3"]
[White "Rebut, Paul"]
[Black "Lorans, Sylvain"]
[Result "0-1"]
[WhiteElo "1789"]
[BlackElo "2147"]
[PlyCount "93"]
[EventDate "2019.??.??"]

1. e4 c6 2. Nf3 d5 3. Nc3 Bg4 4. h3 Bh5 5. Be2 e6 6. O-O Nf6 7. exd5 cxd5 8. d4
Be7 9. Ne5 Bxe2 10. Nxe2 Nc6 11. f4 Rc8 12. Nxc6 Rxc6 13. f5 O-O 14. fxe6 Rxe6
15. Bf4 Ne4 16. Qd3 Bf6 17. c3 Rfe8 18. Rae1 Bh4 19. g3 Nxg3 20. Bxg3 Bxg3 21.
Qxg3 Rxe2 22. Rxe2 Rxe2 23. Qf3 Qe7 24. Rf2 Re1+ 25. Kg2 Qe6 26. Rf1 Re3 27.
Qf5 Re2+ 28. Kg1 g6 29. Qxe6 fxe6 30. Rf2 Rxf2 31. Kxf2 Kf7 32. Ke3 Kf6 33. Kf4
g5+ 34. Kg4 Kg6 35. a4 h5+ 36. Kf3 Kf5 37. a5 g4+ 38. hxg4+ hxg4+ 39. Kg3 a6
40. b3 Kg5 41. c4 dxc4 42. bxc4 Kf5 43. Kh4 Kf4 44. Kh5 g3 45. d5 g2 46. d6
g1=Q 47. c5 0-1

[Event "Championnat de la Reunion 2019"]
[Site "Le TAMPON- BRAS PANON- SAINT-D"]
[Date "2019.06.08"]
[Round "4.4"]
[White "Quere, Alexandre"]
[Black "Triton, Maxime"]
[Result "1/2-1/2"]
[WhiteElo "2068"]
[BlackElo "1795"]
[PlyCount "69"]
[EventDate "2019.??.??"]

1. e4 c5 2. Nf3 e6 3. d3 Nc6 4. g3 d6 5. Bg2 Nf6 6. O-O Be7 7. c3 O-O 8. a3 Qc7
9. Re1 Bd7 10. Qe2 Rac8 11. Ng5 h6 12. Nh3 e5 13. f4 c4 14. dxc4 Na5 15. Nd2
Nxc4 16. Nxc4 Qxc4 17. Qxc4 Rxc4 18. Nf2 Ba4 19. Bd2 a5 20. Bf1 Rc7 21. c4 Ra8
22. Re3 Be8 23. a4 Nd7 24. b3 b6 25. Bc3 f6 26. f5 Nc5 27. Bb2 Bc6 28. Be2 Rd7
29. Bd1 Kf8 30. Bc2 Ke8 31. g4 Kf7 32. Kg2 Rdd8 33. Rh3 Rh8 34. Kf3 Rac8 35.
Bd1 1/2-1/2

[Event "Championnat de la Reunion 2019"]
[Site "Le TAMPON- BRAS PANON- SAINT-D"]
[Date "2019.06.08"]
[Round "4.5"]
[White "Hoareau, Hugues"]
[Black "Dijoux, Julien"]
[Result "0-1"]
[WhiteElo "1947"]
[BlackElo "1836"]
[PlyCount "98"]
[EventDate "2019.??.??"]

1. e4 e5 2. b3 Bc5 3. d3 d5 4. exd5 Qxd5 5. Be3 Bxe3 6. fxe3 Nc6 7. Nc3 Qc5 8.
Qd2 Nf6 9. Be2 Be6 10. a3 a5 11. Nf3 Rd8 12. O-O e4 13. Ne1 Qg5 14. Rf4 exd3
15. Bxd3 Ne5 16. Ne4 Nxe4 17. Rxe4 O-O 18. Qc3 Nxd3 19. cxd3 Qd5 20. Rb1 Qd6
21. b4 axb4 22. axb4 c6 23. Qc5 g6 24. Rh4 Kg7 25. Qg5 Rh8 26. Qh6+ Kg8 27. Rd1
Qf8 28. Qf4 Qg7 29. Qc7 Rd7 30. Qb8+ Qf8 31. Qg3 Qd6 32. Qf2 Kg7 33. Nf3 h6 34.
Qb2+ f6 35. e4 Qe7 36. e5 f5 37. Rd4 Rhd8 38. Rd6 Rxd6 39. exd6+ Qf6 40. d4
Rxd6 41. Ne5 Bd5 42. Ra1 Qd8 43. Ra7 Qb6 44. Ra8 Be4 45. Kf1 Qxd4 46. Qxd4 Rxd4
47. g4 fxg4 48. Nxg4 Bd3+ 49. Kf2 Rxg4 0-1

[Event "Championnat de la Reunion 2019"]
[Site "Le TAMPON- BRAS PANON- SAINT-D"]
[Date "2019.06.08"]
[Round "4.6"]
[White "De Peindray D'Ambell, Philippe"]
[Black "Evrin, Selvam"]
[Result "0-1"]
[WhiteElo "1772"]
[BlackElo "1766"]
[PlyCount "76"]
[EventDate "2019.??.??"]

1. e4 c5 2. Nc3 a6 3. f4 Nc6 4. Nf3 e6 5. d3 b5 6. g3 Bb7 7. Bg2 b4 8. Ne2 d5
9. e5 Nh6 10. O-O Nf5 11. h3 h5 12. Kh2 Be7 13. Bd2 Qb6 14. c3 a5 15. c4 O-O-O
16. Qc2 d4 17. Qd1 f6 18. a3 b3 19. a4 Nb4 20. Qxb3 Bxf3 21. Rxf3 fxe5 22. fxe5
g5 23. Re1 g4 24. Rf2 h4 25. Bf4 Rdg8 26. Be4 hxg3+ 27. Nxg3 Rxh3+ 28. Kg2 Nh4+
29. Kf1 Qd8 30. Ke2 Bg5 31. Nf1 Bxf4 32. Rxf4 g3 33. Nxg3 Rgxg3 34. Ref1 Re3+
35. Kd2 Nf5 36. Rxf5 exf5 37. Bxf5+ Kb8 38. Bxh3 Rxh3 0-1

[Event "Championnat de la Reunion 2019"]
[Site "Le TAMPON- BRAS PANON- SAINT-D"]
[Date "2019.06.08"]
[Round "4.1"]
[White "Denoyelle, Arnaud"]
[Black "Testud, Philippe"]
[Result "1/2-1/2"]
[WhiteElo "2235"]
[BlackElo "2141"]
[PlyCount "115"]
[EventDate "2019.??.??"]

1. e4 c6 2. d4 d5 3. exd5 cxd5 4. Bd3 Nc6 5. c3 Qc7 6. Bg5 e5 7. dxe5 Qxe5+ 8.
Qe2 Bc5 9. Nd2 Nge7 10. Ngf3 Qxe2+ 11. Kxe2 f6 12. Bf4 g5 13. Nb3 Bb6 14. Be3
Bc7 15. h4 g4 16. Nfd4 Ne5 17. Rad1 Nxd3 18. Rxd3 b6 19. a4 Kf7 20. Ra1 Ng6 21.
g3 Ne5 22. Rdd1 Nc4 23. Bc1 a6 24. Nd2 Re8+ 25. Kd3 Ne5+ 26. Kc2 Bb7 27. Nf1
Nc4 28. b3 Nd6 29. Bf4 Rac8 30. Bxd6 Bxd6 31. Kd3 Re7 32. Re1 Be5 33. Rac1 Rec7
34. Ne3 h5 35. Nef5 b5 36. axb5 axb5 37. b4 Kg6 38. Kd2 Re8 39. Ra1 Bc8 40. Nd6
Bxd4 41. cxd4 Rxe1 42. Rxe1 Bf5 43. Rc1 Ra7 44. Rc3 Ra2+ 45. Ke3 Rb2 46. Nxb5
Rxb4 47. Nc7 Be4 48. Ne6 Rb1 49. Nf4+ Kh6 50. Rc6 Rb3+ 51. Kd2 Rb2+ 52. Kd1
Rb1+ 53. Rc1 Rb4 54. Rc6 Rb1+ 55. Kd2 Rb2+ 56. Ke3 Rb3+ 57. Ke2 Rb2+ 58. Ke3
1/2-1/2

[Event "Championnat de la Reunion 2019"]
[Site "Le TAMPON- BRAS PANON- SAINT-D"]
[Date "2019.06.08"]
[Round "5.6"]
[White "Triton, Maxime"]
[Black "De Peindray D'Ambell, Philippe"]
[Result "1/2-1/2"]
[WhiteElo "1795"]
[BlackElo "1772"]
[PlyCount "84"]
[EventDate "2019.??.??"]

1. e4 c5 2. Nc3 g6 3. Nf3 Bg7 4. h4 h6 5. d4 cxd4 6. Nxd4 Nc6 7. Be3 d6 8. Qd2
Qa5 9. O-O-O Nf6 10. f3 a6 11. Kb1 Nxd4 12. Bxd4 Be6 13. Be2 Rc8 14. g4 b5 15.
g5 hxg5 16. hxg5 Rxh1 17. Rxh1 Nh5 18. Bxg7 Nxg7 19. Rh8+ Kd7 20. Rxc8 Kxc8 21.
Qd4 Ne8 22. a3 Nc7 23. f4 Kb7 24. f5 gxf5 25. exf5 Bxf5 26. Bf3+ Kc8 27. Bc6
Bd7 28. Bxd7+ Kxd7 29. Qf4 Ne6 30. Qg4 b4 31. axb4 Qxg5 32. Qc4 Qg1+ 33. Ka2
Qb6 34. Nd5 Qc6 35. Qxc6+ Kxc6 36. Nxe7+ Kb5 37. Kb3 Nd4+ 38. Kc3 Nf3 39. Nf5
Kc6 40. Kd3 Ne5+ 41. Kd4 Nf3+ 42. Kd3 Ne5+ 1/2-1/2

[Event "Championnat de la Reunion 2019"]
[Site "Le TAMPON- BRAS PANON- SAINT-D"]
[Date "2019.06.08"]
[Round "5.2"]
[White "Rodier, David"]
[Black "Denoyelle, Arnaud"]
[Result "0-1"]
[WhiteElo "2169"]
[BlackElo "2235"]
[PlyCount "86"]
[EventDate "2019.??.??"]

1. d4 Nf6 2. Nf3 e6 3. c4 Bb4+ 4. Nbd2 O-O 5. g3 d6 6. Bg2 Qe7 7. a3 Bxd2+ 8.
Bxd2 e5 9. O-O Bg4 10. Bc3 Ne4 11. Be1 Nf6 12. Bc3 Nc6 13. d5 Nb8 14. Ne1 Ne8
15. f3 Bc8 16. e4 f5 17. Nd3 fxe4 18. fxe4 Nf6 19. h3 b6 20. b3 a5 21. a4 Na6
22. Ra2 Bd7 23. g4 h6 24. Raf2 Nh7 25. Rxf8+ Nxf8 26. Bd2 g5 27. Qf3 Ng6 28.
Qg3 Nf4 29. Bxf4 gxf4 30. Qe1 Kh7 31. Bf3 Rg8 32. Rf2 Qh4 33. Qe2 Qxh3 34. Rg2
Qh4 35. Qf2 Qxf2+ 36. Kxf2 Rg5 37. Kg1 h5 38. gxh5 Kh6 39. Kf2 Be8 40. Bg4 Bxh5
41. Bxh5 Rxg2+ 42. Kxg2 Kxh5 43. Kf3 Kg5 0-1

[Event "Championnat de la Reunion 2019"]
[Site "Le TAMPON- BRAS PANON- SAINT-D"]
[Date "2019.06.08"]
[Round "5.4"]
[White "Evrin, Selvam"]
[Black "Rebut, Paul"]
[Result "1-0"]
[WhiteElo "1766"]
[BlackElo "1789"]
[PlyCount "89"]
[EventDate "2019.??.??"]

1. e4 c5 2. Nf3 d6 3. d4 cxd4 4. Nxd4 Nf6 5. Nc3 a6 6. Be2 e5 7. Nb3 Be7 8. Be3
Be6 9. O-O O-O 10. f4 b5 11. f5 Bc8 12. Bf3 Bb7 13. Qd3 Nbd7 14. Rad1 Rc8 15.
a4 b4 16. Na2 Qc7 17. c3 Nb6 18. Nxb4 Nxa4 19. Rf2 a5 20. Nd5 Nxd5 21. exd5 Ra8
22. Qb5 Nxb2 23. Rxb2 Qxc3 24. Qe2 e4 25. Bxe4 Bf6 26. Bd4 Bxd4+ 27. Nxd4 Ba6
28. Qd2 Qc5 29. Rc1 Qa7 30. Kh1 Rfe8 31. Bf3 a4 32. f6 gxf6 33. Nf5 Qd7 34. Qf4
Kh8 35. Nxd6 Qe7 36. h3 Rg8 37. Rbc2 Rad8 38. Nf5 Qf8 39. Rc7 Bd3 40. Nh6 Rg6
41. Nxf7+ Kg8 42. Nxd8 a3 43. Ne6 Qh6 44. Rc8+ Kf7 45. R1c7# 1-0

[Event "Championnat de la Reunion 2019"]
[Site "Le TAMPON- BRAS PANON- SAINT-D"]
[Date "2019.06.08"]
[Round "5.5"]
[White "Mezouaghi, Miloud"]
[Black "Hoareau, Hugues"]
[Result "0-1"]
[WhiteElo "2000"]
[BlackElo "1947"]
[PlyCount "78"]
[EventDate "2019.??.??"]

1. e4 e5 2. Nf3 d6 3. d4 exd4 4. Nxd4 g6 5. Nc3 Bg7 6. Be3 Nf6 7. f3 O-O 8. Bc4
a5 9. a4 Bd7 10. Qd2 Nc6 11. Nxc6 Bxc6 12. O-O Re8 13. Rad1 Qd7 14. b3 Qe7 15.
Bg5 Qf8 16. Nb5 Re7 17. Qf4 Bxb5 18. axb5 Nh5 19. Bxe7 Qxe7 20. Qd2 a4 21. g4
Nf6 22. Ra1 a3 23. Ra2 d5 24. exd5 Rd8 25. Re1 Qd6 26. b4 c6 27. bxc6 bxc6 28.
Rxa3 cxd5 29. Bf1 Qb6+ 30. Kg2 d4 31. b5 h5 32. h3 h4 33. f4 Nd5 34. Bd3 Ne3+
35. Kf3 Re8 36. Bf1 Qb7+ 37. Kf2 Qe4 38. Raxe3 dxe3+ 39. Rxe3 Bd4 0-1